An inquiry concerning the rise, and progress, the redemption, present state, and management, of the national debt of Great Britain. : From the 2d London ed., enl /

Bibliographic Details
Main Author: Hamilton, Robert, 1743-1829
Format: Book
Language:English
Published: Philadelphia : M. Carey, 1816.
Subjects:

MARC

Tag First Indicator Second Indicator Subfields
LEADER 00000cam a2200000 4500
001 in00000067046
005 20151008051305.0
008 750923s1816 pau 00000 eng
010 |a  09008461  
035 |a (OCoLC)01649007 
035 |9 AAG7001AM 
040 |a DLC  |c CTL  |d TXA  |d UtOrBLW 
049 |a TXAM  |c [180622] 
050 0 |a HJ8624  |b .H35 
092 |a 336.3  |b H219i, 1816 
100 1 |a Hamilton, Robert,  |d 1743-1829. 
245 1 3 |a An inquiry concerning the rise, and progress, the redemption, present state, and management, of the national debt of Great Britain. :  |b From the 2d London ed., enl /  |c By Robert Hamilton ... 
264 1 |a Philadelphia :  |b M. Carey,  |c 1816. 
300 |a v, 3 unnumbered pages, 234 pages :  |b including tables. ;  |c 22 cm. 
336 |a text  |b txt  |2 rdacontent 
337 |a unmediated  |b n  |2 rdamedia 
338 |a volume  |b nc  |2 rdacarrier 
650 0 |a Debts, Public  |z Great Britain. 
999 |a MARS 
999 f f |s 5bee9ef8-370a-3a9f-9b23-6e367520df61  |i e85256ff-1ccc-33c0-b197-a1a08aa28c94  |t 0 
952 f f |p ric  |a Texas A&M University  |b Rellis Campus  |c Joint Library Facility  |d Remote Storage  |t 0  |e HJ8624 .H35  |h Library of Congress classification  |i unmediated -- volume  |m A14800750686 
998 f f |a HJ8624 .H35  |t 0  |l Remote Storage